Central Library OPAC University of Rajshahi

ইসলাম ও খ্রীষ্টান ধর্মের` আকীদাহ : (Record no. 79839)

MARC details
000 -LEADER
fixed length control field 01598nam a2200277 a 4500
001 - CONTROL NUMBER
RUCL Control Number 79839
003 - CONTROL NUMBER IDENTIFIER
rucl marc code BD-RjUL
005 - DATE AND TIME OF LATEST TRANSACTION
control field 20220524100758.0
008 - FIXED-LENGTH DATA ELEMENTS--GENERAL INFORMATION
fixed length control field 220524s2009 bg ||||| m||| 00| 0 ben d
035 ## - SYSTEM CONTROL NUMBER
system control number (BD-RjUL)79839
040 ## - CATALOGING SOURCE
Original cataloging agency BD-RjUL
Language of cataloging ben/eng
Transcribing agency BD-RjUL
Modifying agency BD-RjUL
041 ## - LANGUAGE CODE
Language code of Book ben
082 ## - DEWEY DECIMAL CLASSIFICATION NUMBER
DDC Edition number 23
Classification number 297.283
Author mark and Year ROE 2009
100 ## - MAIN ENTRY--PERSONAL NAME
Personal name রউফ, মো: আব্দুর
9 (RLIN) 3142
245 10 - TITLE STATEMENT
Title ইসলাম ও খ্রীষ্টান ধর্মের` আকীদাহ :
Remainder of title একটি তুলনামূলক পর্যালোচনা /
Statement of responsibility, etc মো: আব্দুর রউফ
Name of Supervisor/Co-Supervisor তত্বাবধায়ক : মোহাম্মদ আসাদুজ্জামান
260 ## - PUBLICATION, DISTRIBUTION, ETC. (IMPRINT)
Place of publication, distribution, etc রাজশাহী :
Name of publisher, distributor, etc ইসলামিক স্টাডিজ বিভাগ, রাজশাহী বিশ্ববিদ্যালয়,
Date of publication, distribution, etc ২০০৯
300 ## - PHYSICAL DESCRIPTION
Pagination [১], vii, ১১৯ পাতা ;
Dimensions ২৯ সেমি.
502 ## - DISSERTATION NOTE
Dissertation note থিসিস (এম.ফিল.) --ইসলামিক স্টাডিজ বিভাগ, রাজশাহী বিশ্ববিদ্যালয়,২০০৯
504 ## - BIBLIOGRAPHY, ETC. NOTE
Bibliography, etc গ্রন্থপঞ্জি : পাতা ১১৬-১১৯
650 ## - SUBJECT ADDED ENTRY--TOPICAL TERM
Topical term or geographic name as entry element ইসলাম
General subdivision সম্পর্ক
9 (RLIN) 3143
Topical term or geographic name as entry element Islam
General subdivision Relations
9 (RLIN) 3144
Topical term or geographic name as entry element খ্রিস্টধর্ম
General subdivision সম্পর্ক
9 (RLIN) 3145
Topical term or geographic name as entry element Christianity
General subdivision Relations
9 (RLIN) 3146
700 ## - ADDED ENTRY--SUPERVISOR/CO-SUPERVISOR NAME
Personal name আসাদুজ্জামান, মোহাম্মদ ,তত্বাবধায়ক
9 (RLIN) 3147
942 ## - ADDED ENTRY ELEMENTS (KOHA)
Source of classification or shelving scheme Dewey Decimal Classification
Koha item type Theses
Holdings
Source of classification or shelving scheme Damaged status Not for loan Collection code Permanent Location Current Location Shelving location Date of accession Source of acquisition Total Checkouts Full call number Barcode Date last seen Copy number Thesis
Dewey Decimal Classification   Not For Loan Theses Central Library, University of Rajshahi Central Library, University of Rajshahi Documentation Section 09/11/2010 Controller of Exam. R.U.   BTHE 297.283 ROE 2009 D3161 24/05/2022 C-1 Theses